عرض عادي عرض مارك
  • الإدارة الاستراتيجية

مدخل مصطلح موضوعي

عدد التسجيلات المستخدمة في: 1

001 - رقم الضبط

  • حقل الضبط: 73206

003 - معرف رقم الضبط

  • حقل الضبط: OSt

005 - تاريخ ووقت أخر عملية

  • حقل الضبط: 20190711142548.0

008 - عناصر بيانات ثابتة الطول

  • حقل تحكم ثابت الطول: 190711|| aca||aabn | a|a d

040 ## - مصدر الفهرسة

  • هيئة الفهرسة الأصلية: OSt
  • وكالة الكتابة: OSt

150 ## - مدخل-- مصطلح تاريخي

  • عنصر مدخل المصطلح الموضوعي او الاسم الجغرافي: الإدارة الاستراتيجية

670 ## - بيانات المصدر موجوده

  • الاستشهاد بالمصدر: Work cat.: (OSt)76924: الصيرفي، حازم محمد 73205, مقدمة في الإدارة الاستراتيجية /, 2019